| 000 | 00856cam a2200217 4500 | ||
|---|---|---|---|
| 001 | L137143 | ||
| 008 | 070316s2002 xxk f 000 0 eng d | ||
| 020 | _a0117536296 | ||
| 035 | _a(Sirsi) u137143 | ||
| 041 | 0 | _aeng | |
| 050 | 0 | 4 | _a711.1 $2 18 |
| 110 | 2 |
_aUnited Kingdom _bDepartment for Communities and Local Government _94939 |
|
| 245 | 0 | 0 |
_aPlanning inquiries into major infrastructure projects _h[electronic resource] |
| 260 |
_aLondon _DCLG _c2002 |
||
| 520 | _aExplains the procedures for handling major infrastructure project inquiries in England, which came into force on 7 June 2002. | ||
| 650 | 2 | 4 | _aDTLR CIRCULAR 02/2002 |
| 651 | 4 |
_aEngland _y886- |
|
| 690 |
_aPlanning and development _96259 |
||
| 856 | 4 | 8 |
_uhttps://www.communities.gov.uk/index.asp?id=1500350 _zView the circular free of charge at www.communities.gov.uk... |
| 942 | _n0 | ||
| 999 |
_c106658 _d106658 |
||